[Event "40th World U20 ch"]
[Site "Peristeri GRE"]
[Date "2001.08.25"]
[Round "9.7"]
[White "Schneider, Dmitry"]
[Black "Shaposhnikov, Evgeny"]
[Result "0-1"]
[WhiteElo "2405"]
[BlackElo "2519"]
[EventDate "2001.08.16"]
[PlyCount "72"]

1.e4 c5 2.Nf3 e6 3.Nc3 a6 4.g3 Nc6 5.Bg2 Nf6 6.O-O Qc7 7.Re1 d6 8.d4 cxd4 
9.Nxd4 Bd7 10.a4 Be7 11.Nxc6 bxc6 12.a5 O-O 13.Be3 c5 14.g4 Bc6 15.g5 Nd7 
16.f4 f5 17.Bh3 Qb7 18.Qd3 g6 19.Rad1 Rf7 20.exf5 gxf5 21.Bc1 Nf8 22.b3 
Qc7 23.Ne2 d5 24.Ng3 Qxa5 25.Bb2 c4 26.Qe3 cxb3 27.cxb3 Bd7 28.Bg2 Ng6 29.
Nh5 Rb8 30.Bd4 Qb4 31.Rd3 Rc8 32.Nf6+ Bxf6 33.gxf6 Nxf4 34.Qxf4 Qxe1+ 35.
Bf1 Kh8 36.Rg3 Bb5 0-1

[Event "40th World U20 ch"]
[Site "Peristeri GRE"]
[Date "2001.08.25"]
[Round "9.8"]
[White "Kristjansson, Stefan"]
[Black "Miton, Kamil"]
[Result "1/2-1/2"]
[WhiteElo "2380"]
[BlackElo "2516"]
[EventDate "2001.08.16"]
[PlyCount "141"]

1.Nf3 f5 2.c4 Nf6 3.Nc3 g6 4.d3 Bg7 5.g3 O-O 6.Bg2 d6 7.O-O e5 8.Qc2 Nc6 
9.b3 h6 10.Bb2 g5 11.e3 Bd7 12.Qd2 Ne7 13.d4 e4 14.Ne1 c6 15.d5 c5 16.f3 
exf3 17.Bxf3 Ng6 18.Nd3 Qe7 19.Rae1 Ne4 20.Qc2 Nxc3 21.Bxc3 Ne5 22.Bg2 
Rae8 23.Bh3 Nxd3 24.Qxd3 Qe4 25.Qd2 Bxc3 26.Qxc3 b6 27.Rf2 Re7 28.Qd2 Qe5 
29.Qd3 Qe4 30.Qd2 Rff7 31.Bg2 Qe5 32.Rff1 Rf6 33.Bf3 Be8 34.Bd1 Rg7 35.Be2
Bd7 36.Bd3 Kh8 37.Qf2 Rgf7 38.Qd2 Kg7 39.Rf2 Re7 40.Rff1 b5 41.Re2 bxc4 
42.bxc4 Be8 43.Rb1 Bg6 44.Qb2 Qxb2 45.Rbxb2 Rf8 46.Kf2 Rfe8 47.Rb3 Kf6 48.
Re1 Rf8 49.Reb1 Rfe8 50.Re1 Bh5 51.Bc2 Bg4 52.Kg2 Bh5 53.Kf2 Bg6 54.Bd3 
Bh7 55.Bc2 f4 56.Bxh7 fxg3+ 57.hxg3 Rxh7 58.e4 Rhe7 59.Rf3+ Kg6 60.Ra3 Kf6
61.Rf3+ Kg6 62.Ra3 Rf8+ 63.Kg2 Rf6 64.Re2 h5 65.Ra5 Rc7 66.e5 dxe5 67.Rxe5
Rb6 68.Re2 Kf5 69.Ra3 Rcb7 70.Rf3+ Kg6 71.Rff2 1/2-1/2

[Event "40th World U20 ch"]
[Site "Peristeri GRE"]
[Date "2001.08.25"]
[Round "9.10"]
[White "Du Shan"]
[Black "Markos, Jan"]
[Result "1/2-1/2"]
[WhiteElo "2352"]
[BlackElo "2479"]
[EventDate "2001.08.16"]
[PlyCount "92"]

1.c4 c5 2.Nc3 Nc6 3.g3 g6 4.Bg2 Bg7 5.d3 e6 6.e4 Nge7 7.Nge2 d6 8.O-O O-O 
9.Be3 Nd4 10.Rb1 Nec6 11.Qd2 b6 12.Bg5 Qd7 13.Nxd4 cxd4 14.Ne2 a5 15.Bh6 
Rb8 16.Bxg7 Kxg7 17.f4 f6 18.g4 e5 19.f5 b5 20.Ng3 g5 21.Bf3 Ba6 22.b3 h6 
23.Kg2 bxc4 24.dxc4 Qa7 25.h4 Rh8 26.Rh1 a4 27.Be2 Qc5 28.hxg5 hxg5 29.
Rxh8 Rxh8 30.b4 Qb6 31.b5 Bb7 32.Nh5+ Kf7 33.bxc6 Qxb1 34.cxb7 Qxb7 35.Ng3
Qb6 36.Bd1 a3 37.Bb3 Qc5 38.Nh1 Rb8 39.Nf2 Qb4 40.c5+ Ke8 41.Qc1 Qxc5 42.
Qh1 Rxb3 43.axb3 a2 44.Qh8+ Kd7 45.Qa8 Qc2 46.Qa7+ Kd8 1/2-1/2

[Event "40th World U20 ch"]
[Site "Peristeri GRE"]
[Date "2001.08.25"]
[Round "9.11"]
[White "Bakre, Tejas"]
[Black "Palliser, Richard"]
[Result "1/2-1/2"]
[WhiteElo "2463"]
[BlackElo "2337"]
[EventDate "2001.08.16"]
[PlyCount "60"]

1.e4 c5 2.Nc3 d6 3.f4 g6 4.Nf3 Bg7 5.Bc4 Nc6 6.O-O e6 7.d3 Nge7 8.Qe1 h6 
9.Bd2 O-O 10.a3 b6 11.Ba2 d5 12.Rd1 dxe4 13.dxe4 Ba6 14.Be3 Nd4 15.Bxd4 
cxd4 16.Rf2 Qc7 17.Nxd4 Rfd8 18.e5 Nf5 19.Nxf5 gxf5 20.Rfd2 Bf8 21.Ne2 Kh7
22.Nd4 Bc5 23.c3 Bb7 24.b4 Bxd4+ 25.cxd4 Bd5 26.Bxd5 Rxd5 27.Rc1 Qd7 28.
Qf2 Rd8 29.Rcd1 Rc8 30.Rd3 Rc4 1/2-1/2

[Event "40th World U20 ch"]
[Site "Peristeri GRE"]
[Date "2001.08.25"]
[Round "9.12"]
[White "Neiksans, Arturs"]
[Black "Cernousek, Lukas"]
[Result "1-0"]
[WhiteElo "2435"]
[BlackElo "2262"]
[EventDate "2001.08.16"]
[PlyCount "77"]

1.e4 c5 2.Nf3 d6 3.d4 cxd4 4.Nxd4 Nf6 5.Nc3 g6 6.Be3 Bg7 7.f3 O-O 8.Bc4 
Nc6 9.Qd2 Bd7 10.O-O-O Qa5 11.Bb3 Rfc8 12.Kb1 Ne5 13.h4 b5 14.Ncxb5 Qxd2 
15.Rxd2 Rab8 16.a4 a6 17.Na3 Be8 18.Ka2 Nfd7 19.Ne2 Nb6 20.a5 Nbc4 21.Bxc4
Nxc4 22.Nxc4 Rxc4 23.b3 Rcb4 24.Bb6 f5 25.c3 Rb5 26.Nd4 Bxd4 27.Rxd4 Bf7 
28.c4 Re5 29.Re1 Rc8 30.Kb2 f4 31.Rdd1 Rh5 32.e5 dxe5 33.Rd7 Kf8 34.Ra7 
Rxh4 35.Rxe5 e6 36.Rc5 Rb8 37.Rcc7 Bg8 38.Bc5+ Ke8 39.Rg7 1-0

[Event "40th World U20 ch"]
[Site "Peristeri GRE"]
[Date "2001.08.25"]
[Round "9.13"]
[White "Hersvik, Daniel"]
[Black "Pert, Nicholas"]
[Result "1/2-1/2"]
[WhiteElo "2241"]
[BlackElo "2475"]
[EventDate "2001.08.16"]
[PlyCount "91"]

1.e4 e6 2.d4 d5 3.Nc3 Bb4 4.e5 c5 5.a3 Bxc3+ 6.bxc3 Qa5 7.Bd2 Qa4 8.Qg4 g6
9.Qd1 b6 10.h4 h5 11.Nf3 Ba6 12.Bxa6 Qxa6 13.Bg5 Nd7 14.Qd3 Qxd3 15.cxd3 
Rc8 16.Ke2 Ne7 17.Rhc1 Nc6 18.c4 cxd4 19.cxd5 exd5 20.Ra2 Nc5 21.Rac2 Kd7 
22.Rxc5 bxc5 23.Rxc5 Ne7 24.Ra5 Rc2+ 25.Kd1 Rc7 26.Nxd4 Rb8 27.Ke2 Rb6 28.
Ke3 a6 29.a4 Rc1 30.Bxe7 Kxe7 31.Rxd5 Re1+ 32.Kf4 Rb2 33.Kg5 Rc1 34.Rd6 
Rxf2 35.Nc6+ Rxc6 36.Rxc6 Rxg2+ 37.Kh6 Rg4 38.Rxa6 Rxh4 39.e6 Rg4 40.exf7 
Kxf7 41.Rc6 h4 42.a5 h3 43.Rc1 Rh4+ 44.Kg5 Rh5+ 45.Kg4 Rxa5 46.Kxh3 
1/2-1/2

[Event "40th World U20 ch"]
[Site "Peristeri GRE"]
[Date "2001.08.25"]
[Round "9.15"]
[White "Franco Alonso, Alejandro"]
[Black "Simutowe, Amon"]
[Result "1/2-1/2"]
[WhiteElo "2332"]
[BlackElo "2462"]
[EventDate "2001.08.16"]
[PlyCount "86"]

1.d4 d5 2.c4 c6 3.e3 e6 4.Nc3 Nf6 5.Bd2 Nbd7 6.Rc1 b6 7.cxd5 exd5 8.Bd3 
Bb7 9.Qf3 c5 10.Nge2 Qb8 11.g4 h6 12.h4 c4 13.Bb1 b5 14.Nxb5 Bc6 15.Nbc3 
Qb7 16.Ng3 Bb4 17.g5 Ne4 18.Bxe4 dxe4 19.Qf4 Nf8 20.gxh6 Rxh6 21.Nf5 Rg6 
22.h5 Ne6 23.Qe5 Rg5 24.h6 gxh6 25.Rxh6 O-O-O 26.Rxe6 fxe6 27.Nd6+ Bxd6 
28.Qxg5 Qf7 29.Nb5 Bd5 30.b3 Bc7 31.Nxc7 Rg8 32.Qxg8+ Qxg8 33.bxc4 Bc6 34.
Nb5 Qg1+ 35.Ke2 Qg4+ 36.Ke1 Kb8 37.Nc3 Be8 38.Ne2 Bh5 39.Ng3 Be8 40.Bb4 
Qf3 41.Bc5 Ba4 42.Bd6+ Kc8 43.Ne2 Kd7 1/2-1/2

[Event "40th World U20 ch"]
[Site "Peristeri GRE"]
[Date "2001.08.25"]
[Round "9.19"]
[White "Papp, Gabor"]
[Black "Kapnisis, Spyridon"]
[Result "1-0"]
[WhiteElo "2291"]
[BlackElo "2373"]
[EventDate "2001.08.16"]
[PlyCount "101"]

1.e4 e5 2.Nf3 Nc6 3.Bb5 Nf6 4.O-O Nxe4 5.d4 Nd6 6.Bxc6 dxc6 7.dxe5 Ne4 8.
Qxd8+ Kxd8 9.Re1 Nc5 10.Nc3 h6 11.Be3 Bg4 12.Nd4 Ne6 13.Ne4 Ke8 14.h3 Nxd4
15.Bxd4 Be6 16.f4 Rd8 17.Rad1 h5 18.c3 Be7 19.Bc5 Rxd1 20.Rxd1 Bd8 21.Bxa7
b6 22.a4 Bb3 23.Ra1 Bc2 24.Nd2 g5 25.a5 gxf4 26.a6 Bd3 27.c4 f3 28.Bxb6 
Bg5 29.Nxf3 cxb6 30.Nxg5 Ke7 31.b3 Ra8 32.a7 Bc2 33.b4 c5 34.bxc5 bxc5 35.
Kf2 Bd3 36.Ra4 Bc2 37.Ra5 f6 38.exf6+ Kxf6 39.h4 Bd3 40.Ke3 Bxc4 41.Ne4+ 
Kg6 42.Nxc5 Bd5 43.g3 Bh1 44.Na4 Re8+ 45.Kf2 Rf8+ 46.Kg1 Ba8 47.Nb6 Re8 
48.Nxa8 Rxa8 49.Kf2 Kf6 50.Ke3 Ke6 51.Kf4 1-0

[Event "40th World U20 ch"]
[Site "Peristeri GRE"]
[Date "2001.08.25"]
[Round "9.20"]
[White "Erturan, Yakup"]
[Black "Potkin, Vladimir"]
[Result "0-1"]
[WhiteElo "2211"]
[BlackElo "2530"]
[EventDate "2001.08.16"]
[PlyCount "72"]

1.e4 e6 2.d4 d5 3.exd5 exd5 4.Bd3 c5 5.Qe2+ Be7 6.dxc5 Nf6 7.Bg5 O-O 8.Nd2
h6 9.h4 Nbd7 10.O-O-O Nxc5 11.f3 Re8 12.Bb5 Bd7 13.Bxd7 Qxd7 14.Qf2 Rac8 
15.Kb1 Qf5 16.Be3 h5 17.Ne2 Ne6 18.Rc1 a5 19.Nd4 Qg6 20.Rhe1 a4 21.Nxe6 
fxe6 22.Bd4 Rc6 23.Nf1 Bd6 24.Be5 a3 25.b3 Bxe5 26.Rxe5 Nd7 27.Re3 Qf6 28.
c3 Rec8 29.Ng3 Qxh4 30.Rh1 Qg5 31.f4 Qg4 32.Nxh5 Rxc3 33.Rxc3 Rxc3 34.Qd4 
Qg6+ 35.f5 Qxf5+ 36.Ka1 Qxh5 0-1

[Event "40th World U20 ch"]
[Site "Peristeri GRE"]
[Date "2001.08.25"]
[Round "9.21"]
[White "Dukic, Nikola"]
[Black "Bunzmann, Dimitrij"]
[Result "1-0"]
[WhiteElo "2374"]
[BlackElo "2509"]
[EventDate "2001.08.16"]
[PlyCount "123"]

1.d4 e6 2.c4 b6 3.a3 f5 4.Nc3 Nf6 5.g3 c6 6.Bg2 d5 7.cxd5 cxd5 8.Bf4 Bd6 
9.Nh3 O-O 10.Rc1 Ba6 11.O-O h6 12.Bxd6 Qxd6 13.Nf4 Nc6 14.Qa4 Bb7 15.Nd3 
Rfc8 16.e3 a5 17.Rfe1 Ba6 18.Bf1 Rab8 19.Qb3 Bc4 20.Qd1 b5 21.Nc5 Nd7 22.
Nxd7 Qxd7 23.b3 Bxf1 24.Rxf1 Qe7 25.a4 b4 26.Ne2 Nd8 27.Qd2 Nf7 28.Rxc8+ 
Rxc8 29.Rc1 Qd7 30.Rxc8+ Qxc8 31.Qc1 Qa6 32.Qc2 Ng5 33.Kg2 Ne4 34.f3 Nc3 
35.Nxc3 Qc8 36.Kf2 bxc3 37.Ke2 Kh7 38.f4 Qe8 39.Kd3 Qc8 40.Qxc3 Qa6+ 41.
Kc2 h5 42.Qd3 Qd6 43.Kb2 h4 44.Qb5 Qc7 45.Qa6 Qf7 46.Qxa5 Qh5 47.Qd2 h3 
48.a5 Qf3 49.a6 Qf1 50.a7 Qa6 51.Qd1 Kg6 52.Qa1 Qe2+ 53.Kc3 Qxe3+ 54.Kb4 
Qd2+ 55.Kc5 Qc2+ 56.Kd6 Qxb3 57.a8=Q Qb6+ 58.Qc6 Qd8+ 59.Kxe6 Kh7 60.Qaa8 
Qf6+ 61.Kxd5 Qe7 62.Qae8 1-0

[Event "40th World U20 ch"]
[Site "Peristeri GRE"]
[Date "2001.08.25"]
[Round "9.22"]
[White "Vajda, Levente"]
[Black "Zufic, Miroslav"]
[Result "1-0"]
[WhiteElo "2507"]
[BlackElo "2289"]
[EventDate "2001.08.16"]
[PlyCount "91"]

1.e4 c5 2.Nf3 d6 3.c3 Nf6 4.d3 Nc6 5.g3 g6 6.Bg2 Bg7 7.O-O O-O 8.Nbd2 e5 
9.a4 d5 10.a5 d4 11.Nc4 Ne8 12.cxd4 cxd4 13.b4 Nc7 14.Qa4 a6 15.Nb6 Rb8 
16.Bd2 Nb5 17.Rac1 h6 18.Rc5 Be6 19.Rfc1 Qd6 20.Rxb5 axb5 21.Qxb5 Na7 22.
Qa4 Nc8 23.Nc4 b5 24.Nxd6 bxa4 25.Nc4 f6 26.Nh4 Kh7 27.f4 Rd8 28.fxe5 fxe5
29.Nf3 Na7 30.Ra1 Bd7 31.Nfxe5 Bb5 32.h4 Re8 33.Nf7 Re7 34.Nfd6 Bc6 35.h5 
gxh5 36.Nf5 Reb7 37.Bf4 Rd8 38.Nxg7 Kxg7 39.Bd6 Bb5 40.e5 Rf7 41.e6 Rf5 
42.Bc7 Bxc4 43.Bxd8 Bxe6 44.Rxa4 Bd7 45.Ra1 Nc6 46.a6 1-0

[Event "40th World U20 ch"]
[Site "Peristeri GRE"]
[Date "2001.08.25"]
[Round "9.23"]
[White "Zambrana, Oswaldo"]
[Black "Karttunen, Mika"]
[Result "0-1"]
[WhiteElo "2301"]
[BlackElo "2466"]
[EventDate "2001.08.16"]
[PlyCount "116"]

1.e4 c6 2.d4 d5 3.e5 Bf5 4.Nc3 Qb6 5.g4 Bd7 6.Bg2 e6 7.Nge2 c5 8.Be3 cxd4 
9.Bxd4 Bc5 10.O-O h5 11.a4 hxg4 12.b4 Bxd4 13.Nxd4 Nh6 14.b5 O-O 15.Qd3 
Rc8 16.Nce2 a6 17.Qe3 axb5 18.axb5 Rxa1 19.Rxa1 Be8 20.Nf4 Nd7 21.Bf1 Qc7 
22.Re1 Ra8 23.Bd3 Qc5 24.Nh5 Qe7 25.Ng3 Ra4 26.Kg2 Kh8 27.h3 gxh3+ 28.Kxh3
Qb4 29.Nf3 Qf4 30.Qxf4 Rxf4 31.Kg2 Ra4 32.Ne2 Nc5 33.Ned4 g6 34.Bf1 Kg7 
35.Re3 b6 36.Rc3 Nf5 37.Nb3 Nxb3 38.Rxb3 f6 39.Rc3 Rg4+ 40.Kh3 Rf4 41.Rc7+
Bf7 42.Kg2 g5 43.Rb7 g4 44.exf6+ Kxf6 45.Nh2 Nd6 46.Rxb6 Ne4 47.f3 gxf3+ 
48.Nxf3 Bh5 49.Nd4 Rg4+ 50.Kh2 Nd2 51.Rxe6+ Kf7 52.Bg2 Rxd4 53.Re5 Bf3 54.
b6 Rh4+ 55.Kg1 Rg4 56.Rf5+ Ke6 57.Rxf3 Nxf3+ 58.Kf2 Ng5 0-1

[Event "40th World U20 ch"]
[Site "Peristeri GRE"]
[Date "2001.08.25"]
[Round "9.24"]
[White "Collins, Sam"]
[Black "Stryjecki, Marek"]
[Result "0-1"]
[WhiteElo "2195"]
[BlackElo "2441"]
[EventDate "2001.08.16"]
[PlyCount "172"]

1.e4 e6 2.d4 d5 3.e5 c5 4.c3 Qb6 5.Nf3 Nc6 6.Be2 cxd4 7.cxd4 Nh6 8.Nc3 Nf5
9.Na4 Qa5+ 10.Bd2 Bb4 11.Bc3 b5 12.a3 Bxc3+ 13.Nxc3 b4 14.axb4 Qxb4 15.Bb5
Bd7 16.Bxc6 Bxc6 17.Qd2 O-O 18.O-O Rfb8 19.Ra2 a5 20.g4 Ne7 21.Qf4 Bb5 22.
Nxb5 Rxb5 23.h4 Qb3 24.Rfa1 h6 25.Kg2 Qd3 26.h5 Nc6 27.Rc1 Ra6 28.Rc3 Qe4 
29.Qxe4 dxe4 30.Nd2 Nxd4 31.Nxe4 Rxe5 32.f3 f5 33.Rc8+ Kf7 34.Ra4 Nc6 35.
Nd6+ Ke7 36.Nc4 Rd5 37.gxf5 exf5 38.Ne3 Re5 39.Nc4 Rd5 40.Ne3 Re5 41.Nc4 
Rb5 42.Rc7+ Kf6 43.Nd6 Rxb2+ 44.Kg3 Re2 45.Kf4 Nb4 46.Rxb4 axb4 47.Nxf5 b3
48.Ng3 Ra4+ 49.Ne4+ Rexe4+ 50.fxe4 Rb4 51.Rc6+ Ke7 52.Rc1 b2 53.Rb1 Ke6 
54.Ke3 Ke5 55.Kd3 Rb5 56.Kc4 Rb7 57.Kd3 Rb6 58.Kc2 Rf6 59.Re1 Rb6 60.Kb1 
Rb7 61.Re2 Kf4 62.Re1 Kg4 63.Rh1 Kg5 64.Rh2 Kf4 65.Re2 Rb5 66.Rg2 Rg5 67.
Rh2 Kxe4 68.Kxb2 Rg3 69.Kc1 Kf3 70.Rh1 Kg4 71.Kd2 Kg5 72.Ke2 Rg4 73.Kf3 
Rh4 74.Rg1+ Kf6 75.Ra1 Rxh5 76.Ra6+ Kf7 77.Kg4 Rg5+ 78.Kf4 Kg8 79.Rb6 Rc5 
80.Kg4 Kh7 81.Ra6 h5+ 82.Kh4 g6 83.Ra4 Kh6 84.Ra6 Rc4+ 85.Kh3 h4 86.Ra8 
Kh5 0-1

[Event "40th World U20 ch"]
[Site "Peristeri GRE"]
[Date "2001.08.25"]
[Round "9.25"]
[White "Flores, Diego"]
[Black "Khamzin, Olzhas"]
[Result "1-0"]
[WhiteElo "2425"]
[BlackElo "2223"]
[EventDate "2001.08.16"]
[PlyCount "75"]

1.e4 e5 2.Nf3 Nf6 3.Nxe5 d6 4.Nf3 Nxe4 5.d4 d5 6.Bd3 Bd6 7.O-O O-O 8.c4 c6
9.cxd5 cxd5 10.Nc3 Nxc3 11.bxc3 Bg4 12.Rb1 Nd7 13.h3 Bh5 14.Rb5 Nb6 15.c4 
Bxf3 16.Qxf3 dxc4 17.Bc2 Qd7 18.a4 g6 19.Be3 Rfe8 20.Rfb1 Bc7 21.a5 Nc8 
22.Ba4 Nd6 23.R5b4 Qe7 24.Bxe8 Rxe8 25.Bf4 b5 26.axb6 axb6 27.g3 b5 28.Qc6
Rd8 29.d5 Ne8 30.Rxb5 Bxf4 31.gxf4 Nd6 32.Rb6 Kg7 33.Qc5 Rd7 34.Qd4+ Kh6 
35.Qe5 Qd8 36.Rc6 Nf5 37.Qxf5 Rxd5 38.Qg4 1-0

[Event "40th World U20 ch"]
[Site "Peristeri GRE"]
[Date "2001.08.25"]
[Round "9.30"]
[White "Sigalas, Fragiskos"]
[Black "Zhao, Zong Yuan"]
[Result "0-1"]
[WhiteElo "2125"]
[BlackElo "2359"]
[EventDate "2001.08.16"]
[PlyCount "44"]

1.e4 c5 2.Nc3 Nc6 3.f4 g6 4.Nf3 Bg7 5.Bc4 e6 6.O-O Nge7 7.e5 d5 8.exd6 Nf5
9.d3 O-O 10.a3 Nxd6 11.Ba2 b6 12.Qe1 Bb7 13.Ne4 Rc8 14.Neg5 h6 15.Nxe6 
fxe6 16.Bxe6+ Kh7 17.Bxc8 Qxc8 18.c3 Nf5 19.g4 Nfd4 20.cxd4 Nxd4 21.Ne5 
Bxe5 22.Qxe5 Re8 0-1

[Event "40th World U20 ch"]
[Site "Peristeri GRE"]
[Date "2001.08.26"]
[Round "10.2"]
[White "Berg, Emanuel"]
[Black "Sargissian, Gabriel"]
[Result "0-1"]
[WhiteElo "2496"]
[BlackElo "2514"]
[EventDate "2001.08.16"]
[PlyCount "160"]

1.e4 c6 2.d4 d5 3.e5 Bf5 4.Nc3 Qb6 5.Bd3 Bxd3 6.Qxd3 e6 7.Nge2 Nd7 8.O-O 
Ne7 9.a4 c5 10.a5 Qa6 11.Qh3 Nc6 12.Be3 cxd4 13.Nxd4 Nxd4 14.Bxd4 Qc6 15.
Qg3 g6 16.Qe3 a6 17.Na4 Be7 18.c3 O-O 19.Rfe1 Rae8 20.Nb6 Nxb6 21.axb6 Rc8
22.b4 Qd7 23.Qf4 Rc4 24.Re3 f6 25.Qh6 f5 26.Rd3 Ra8 27.Ra5 Rac8 28.h3 Rf8 
29.Qd2 g5 30.g3 Qe8 31.Kg2 Qg6 32.Qe2 h5 33.Rd2 f4 34.Qd3 f3+ 35.Kh2 Qxd3 
36.Rxd3 g4 37.Rd1 Kf7 38.Kg1 Rb8 39.Kf1 Ke8 40.Ke1 Kd7 41.Rb1 Bg5 42.Kd1 
Rbc8 43.hxg4 hxg4 44.b5 axb5 45.Raxb5 Ra8 46.Kc2 Kc6 47.R5b2 Rh8 48.Ra1 
Be7 49.Kd3 Bc5 50.Rb3 Be7 51.Rbb1 Bc5 52.Rb3 Rh5 53.Ra8 Bxd4 54.cxd4 Rh1 
55.Rc8+ Kd7 56.Rxc4 Rd1+ 57.Kc2 dxc4 58.Rxf3 Rxd4 59.Rf7+ Kc6 60.Kc3 Re4 
61.Kb4 Kxb6 62.Rf6 Kc6 63.Rxe6+ Kd5 64.Rb6 Kd4 65.Rxb7 Kd3 66.Rd7+ Kc2 67.
Rc7 c3+ 68.Kc5 Kd2 69.Rd7+ Ke1 70.Kd5 Re2 71.Ke6 c2 72.Rc7 Rxf2 73.Rxc2 
Rxc2 74.Kf5 Kf2 75.Kxg4 Ke3 76.Kf5 Kd4 77.e6 Kd5 78.e7 Re2 79.Kf6 Kd6 80.
g4 Rf2+ 0-1

[Event "40th World U20 ch"]
[Site "Peristeri GRE"]
[Date "2001.08.26"]
[Round "10.5"]
[White "Shaposhnikov, Evgeny"]
[Black "Neiksans, Arturs"]
[Result "1/2-1/2"]
[WhiteElo "2519"]
[BlackElo "2435"]
[EventDate "2001.08.16"]
[PlyCount "109"]

1.e4 e5 2.Bc4 Nf6 3.d3 c6 4.Nf3 d5 5.Bb3 Bd6 6.exd5 cxd5 7.Nc3 d4 8.Ne2 
Nc6 9.O-O O-O 10.a3 Ne7 11.Ng3 Ng6 12.Re1 h6 13.Bd2 Re8 14.c3 dxc3 15.Bxc3
Bd7 16.Nd2 Bc6 17.Nde4 Nf4 18.Qf3 Nxe4 19.dxe4 Qf6 20.Nf5 Qxf5 21.exf5 
Bxf3 22.gxf3 Bc5 23.Ba4 Re7 24.Rxe5 Ne2+ 25.Kf1 Nxc3 26.Rxe7 Nxa4 27.Rxb7 
Bb6 28.b4 Bd8 29.Rd1 Nb6 30.b5 Bf6 31.f4 h5 32.Kg2 Bb2 33.Rd3 Bf6 34.Kf3 
Kf8 35.Rc7 Bd8 36.Rb7 Be7 37.Rc3 Bd8 38.Rc6 Ke8 39.Ke4 Nd7 40.Kd5 Bb6 41.
a4 Rd8 42.Kc4 Nf6 43.Rbxb6 axb6 44.Rxb6 Rc8+ 45.Kb3 Kd7 46.a5 Nd5 47.Rb7+ 
Rc7 48.Rb8 Rc3+ 49.Ka4 Rc4+ 50.Ka3 Rc8 51.Rb7+ Rc7 52.Rb8 Rc3+ 53.Ka4 Rc4+
54.Ka3 Rc3+ 55.Ka4 1/2-1/2

[Event "40th World U20 ch"]
[Site "Peristeri GRE"]
[Date "2001.08.26"]
[Round "10.6"]
[White "Azarov, Sergei"]
[Black "Panchanathan, Magesh Chandran"]
[Result "1-0"]
[WhiteElo "2461"]
[BlackElo "2339"]
[EventDate "2001.08.16"]
[PlyCount "111"]

1.e4 e5 2.Nf3 Nc6 3.Bb5 a6 4.Ba4 Nf6 5.O-O Be7 6.d3 b5 7.Bb3 d6 8.c3 O-O 
9.Nbd2 Na5 10.Bc2 c5 11.Re1 Nc6 12.Nf1 Re8 13.Ng3 g6 14.h3 Bf8 15.Be3 Bg7 
16.Qd2 Qc7 17.Rac1 Nd8 18.d4 c4 19.b4 exd4 20.Nxd4 Bb7 21.Bh6 Bh8 22.Ndf5 
Re6 23.Rcd1 Nc6 24.Nxd6 Rd8 25.Bf4 Qe7 26.e5 Ne8 27.Bg5 f6 28.exf6 Bxf6 
29.Bxf6 Nxf6 30.Rxe6 Qxe6 31.Qf4 Ba8 32.Nge4 Nxe4 33.Nxe4 Rxd1+ 34.Bxd1 
Ne5 35.Be2 Kg7 36.Nc5 Qd5 37.Bf3 Nxf3+ 38.gxf3 a5 39.a3 axb4 40.axb4 g5 
41.Qd4+ Qxd4 42.Ne6+ Kf6 43.Nxd4 Ke5 44.Nxb5 Bxf3 45.Nd4 Bd5 46.f3 h5 47.
Kf2 h4 48.Ke3 Bb7 49.Ne2 Kd5 50.b5 Ke5 51.f4+ gxf4+ 52.Nxf4 Bc8 53.Ng6+ 
Kd6 54.Kd4 Bxh3 55.Nxh4 Be6 56.Nf3 1-0

[Event "40th World U20 ch"]
[Site "Peristeri GRE"]
[Date "2001.08.26"]
[Round "10.7"]
[White "Miton, Kamil"]
[Black "Mastrovasilis, Dimitrios"]
[Result "1-0"]
[WhiteElo "2516"]
[BlackElo "2436"]
[EventDate "2001.08.16"]
[PlyCount "85"]

1.d4 d5 2.c4 c6 3.e3 Nf6 4.Nf3 Bf5 5.Nc3 e6 6.Nh4 Be4 7.f3 Bg6 8.Qb3 Qc7 
9.Bd2 Nbd7 10.Nxg6 hxg6 11.O-O-O dxc4 12.Bxc4 Nb6 13.h3 Nxc4 14.Qxc4 O-O-O
15.Kb1 Nd5 16.Ne2 Kb8 17.e4 Nb6 18.Qc2 Bd6 19.Be3 Rd7 20.Nc1 Bf4 21.Bg1 
Bxc1 22.Rxc1 Ka8 23.Be3 Rhd8 24.Rhd1 Nc8 25.Qa4 a6 26.Qb3 Qa5 27.a4 Qb6 
28.Qc3 Qc7 29.Rd2 f5 30.Bg5 Ne7 31.Qb3 Qg3 32.h4 fxe4 33.Qxe6 e3 34.Qxe3 
Nd5 35.Qe6 Rd6 36.Qe5 Qxe5 37.dxe5 Nc3+ 38.Rxc3 Rxd2 39.Bxd8 Rxd8 40.Rc4 
Re8 41.Rg4 Rxe5 42.Rxg6 Re7 43.Kc2 1-0

[Event "40th World U20 ch"]
[Site "Peristeri GRE"]
[Date "2001.08.26"]
[Round "10.8"]
[White "Roiz, Michael"]
[Black "Schenk, Andreas"]
[Result "1/2-1/2"]
[WhiteElo "2511"]
[BlackElo "2455"]
[EventDate "2001.08.16"]
[PlyCount "48"]

1.d4 Nf6 2.c4 e6 3.Nf3 d5 4.Nc3 dxc4 5.Bg5 Bb4 6.a3 Bxc3+ 7.bxc3 c6 8.Qc2 
Qa5 9.Bxf6 gxf6 10.g3 b5 11.Bg2 Bb7 12.O-O Nd7 13.a4 Qc7 14.e4 a6 15.Rfe1 
Nb6 16.axb5 axb5 17.Rxa8+ Bxa8 18.Qc1 h6 19.Qa3 Bb7 20.d5 cxd5 21.Nd4 dxe4
22.Rb1 Nc8 23.Nxb5 Qe7 24.Qa4 O-O 1/2-1/2

[Event "40th World U20 ch"]
[Site "Peristeri GRE"]
[Date "2001.08.26"]
[Round "10.9"]
[White "Horvath, Adam"]
[Black "Kristjansson, Stefan"]
[Result "1-0"]
[WhiteElo "2504"]
[BlackElo "2380"]
[EventDate "2001.08.16"]
[PlyCount "111"]

1.e4 e6 2.d4 d5 3.Nc3 Bb4 4.e5 Ne7 5.a3 Bxc3+ 6.bxc3 c5 7.Nf3 b6 8.a4 Ba6 
9.Bb5+ Bxb5 10.axb5 Qd7 11.Rb1 O-O 12.O-O Rc8 13.Ng5 h6 14.Nh3 cxd4 15.
cxd4 Rc4 16.Rb3 a6 17.bxa6 Rxa6 18.Nf4 Nf5 19.c3 Qc8 20.Bd2 Nd7 21.Nd3 
Rca4 22.g4 Ne7 23.f4 f5 24.g5 Qe8 25.gxh6 Qg6+ 26.Kh1 Qxh6 27.Nb4 Ra8 28.
Qf3 Kf7 29.Rbb1 R4a7 30.Rg1 Rh8 31.Rg2 Qh3 32.Qe2 g6 33.c4 dxc4 34.d5 Nc5 
35.Qxc4 Qf3 36.d6 Ne4 37.Be1 b5 38.Qe2 Qxe2 39.Rxe2 Nc8 40.Nc6 Rb7 41.Reb2
Ncxd6 42.exd6 Nxd6 43.Ne5+ Kg7 44.Rg2 Rh6 45.Bc3 Kh7 46.Bb4 Ne4 47.Bf8 Rh3
48.Rxg6 Rh4 49.Rxe6 Ng3+ 50.Kg2 Ne2 51.Re7+ Rxe7 52.Bxe7 Rxf4 53.Rxb5 Re4 
54.Bg5 Rd4 55.Rb7+ Kg8 56.Bf6 1-0

[Event "40th World U20 ch"]
[Site "Peristeri GRE"]
[Date "2001.08.26"]
[Round "10.10"]
[White "Izoria, Zviad"]
[Black "Du Shan"]
[Result "1-0"]
[WhiteElo "2487"]
[BlackElo "2352"]
[EventDate "2001.08.16"]
[PlyCount "85"]

1.Nf3 c5 2.c4 Nc6 3.Nc3 g6 4.e3 Nf6 5.d4 cxd4 6.exd4 d5 7.cxd5 Nxd5 8.Qb3 
Nxc3 9.Bc4 Nd5 10.Bxd5 e6 11.Bxc6+ bxc6 12.O-O Qd5 13.Qc3 Bg7 14.Bf4 O-O 
15.Qe3 Qb5 16.b3 Rd8 17.Rac1 Rd5 18.Bh6 Bh8 19.Ne5 Bd7 20.Rc5 Qb7 21.Rfc1 
Be8 22.h4 Rad8 23.Nf3 Rxc5 24.Rxc5 Qb6 25.Rc4 Rd5 26.Bf4 Qd8 27.Be5 f6 28.
Bf4 Qd7 29.a4 Bf7 30.Rb4 h5 31.Rb8+ Kh7 32.Qc3 a5 33.b4 Bg7 34.bxa5 c5 35.
a6 cxd4 36.Qb4 e5 37.Rb7 Qd6 38.Qxd6 Rxd6 39.a7 Ra6 40.Rxf7 exf4 41.Nxd4 
Kh6 42.Ne6 Bh8 43.Rf8 1-0

[Event "40th World U20 ch"]
[Site "Peristeri GRE"]
[Date "2001.08.26"]
[Round "10.11"]
[White "Palliser, Richard"]
[Black "Markos, Jan"]
[Result "1-0"]
[WhiteElo "2337"]
[BlackElo "2479"]
[EventDate "2001.08.16"]
[PlyCount "77"]

1.d4 Nf6 2.Nf3 b6 3.c4 e6 4.e3 Bb7 5.Bd3 g6 6.Nc3 Bg7 7.O-O d5 8.cxd5 exd5
9.Qa4+ Nbd7 10.Ne5 O-O 11.f4 a6 12.b4 Nxe5 13.fxe5 Ng4 14.h3 Nxe5 15.dxe5 
Bxe5 16.Bb2 Qg5 17.Qc2 Qxe3+ 18.Rf2 d4 19.Ne2 Bh2+ 20.Kf1 c5 21.bxc5 bxc5 
22.Re1 Rae8 23.Bc1 Qe5 24.Bd2 Qc7 25.Rc1 Rc8 26.Bc4 Kg7 27.Qb3 Rce8 28.g3 
Rxe2 29.Rxe2 Bxg3 30.Bd5 Bc8 31.Kg2 Qd6 32.Qxg3 Qxd5+ 33.Kh2 c4 34.Re5 Qc6
35.Re7 c3 36.Qe5+ Kg8 37.Bh6 f6 38.Rg7+ Kh8 39.Qe7 1-0

[Event "40th World U20 ch"]
[Site "Peristeri GRE"]
[Date "2001.08.26"]
[Round "10.12"]
[White "Hersvik, Daniel"]
[Black "Korobov, Anton"]
[Result "0-1"]
[WhiteElo "2241"]
[BlackElo "2470"]
[EventDate "2001.08.16"]
[PlyCount "68"]

1.e4 c5 2.Nf3 d6 3.d4 cxd4 4.Nxd4 Nf6 5.Nc3 a6 6.Bg5 Nbd7 7.f4 g6 8.Qd2 h6
9.Bh4 g5 10.fxg5 hxg5 11.Bxg5 e6 12.O-O-O Be7 13.h4 Qc7 14.g3 b5 15.Bg2 
Bb7 16.a3 Ne5 17.Rhf1 Nfd7 18.Bxe7 Kxe7 19.Qf2 Rag8 20.Bh3 Rh7 21.Nf3 Qc5 
22.Qe1 Nxf3 23.Rxf3 Ne5 24.Rf4 a5 25.Bf1 b4 26.Nb5 bxa3 27.Nxa3 Bc6 28.Rf2
Rhg7 29.Bd3 Rxg3 30.Kb1 Rb8 31.Ka1 Qb6 32.b3 Nxd3 33.Rxf7+ Kxf7 34.Qxg3 
Qd4+ 0-1

[Event "40th World U20 ch"]
[Site "Peristeri GRE"]
[Date "2001.08.26"]
[Round "10.13"]
[White "Papp, Gabor"]
[Black "Bakre, Tejas"]
[Result "0-1"]
[WhiteElo "2291"]
[BlackElo "2463"]
[EventDate "2001.08.16"]
[PlyCount "120"]

1.e4 c5 2.Nf3 d6 3.d4 cxd4 4.Nxd4 Nf6 5.Nc3 Nc6 6.Bc4 e6 7.Be3 a6 8.Bb3 
Qc7 9.f4 Be7 10.Qf3 Bd7 11.O-O-O Rc8 12.f5 Nxd4 13.Bxd4 b5 14.Rhe1 e5 15.
Be3 a5 16.Rd2 a4 17.Nd5 Nxd5 18.Bxd5 Bc6 19.Qg3 Bxd5 20.exd5 Bf6 21.Bg5 
Qc4 22.Kb1 Ke7 23.Bxf6+ gxf6 24.Qf3 Qb4 25.c3 Qc5 26.a3 Qb6 27.g3 Rc4 28.
Ka2 Qb7 29.Qh5 Qc8 30.Re3 Qg8 31.Qf3 Qg4 32.Qf2 h5 33.Re1 Rhc8 34.Rd4 Rxd4
35.cxd4 Kf8 36.dxe5 fxe5 37.f6 Qc4+ 38.Ka1 Qxd5 39.Qe3 Qe6 40.Rf1 d5 41.
Qh6+ Ke8 42.Qxh5 d4 43.Qe2 Rc5 44.Qe4 Qd5 45.Qh7 d3 46.Rd1 e4 47.Qg8+ Kd7 
48.Qf8 Rc2 49.Qe7+ Kc8 50.Qa7 Qe5 51.Qa8+ Kd7 52.Qb7+ Rc7 53.Qb6 Qc5 54.
Qa5 Rc6 55.Qe1 Qd4 56.Qf1 Qxf6 57.Qh3+ Ke7 58.g4 Rc2 59.Rb1 d2 60.Qe3 Qe5 
$138 0-1